| 000 | 01162cam a2200205 a 4500 | ||
|---|---|---|---|
| 999 |
_c5857 _d5857 |
||
| 020 | _a9780073376820 | ||
| 020 | _a9780071314565 | ||
| 020 | _a0071314563 | ||
| 050 | 0 | 0 |
_aHD30.2 _b.B357 |
| 100 | 1 | _aBaltzan, Paige. | |
| 245 | 1 | 0 |
_aBusiness driven information systems / _cPaige Baltzan. |
| 250 | _aThird edition. | ||
| 260 |
_aNew York : _bMcGraw-Hill/Irwin, _c 2014. |
||
| 300 |
_a1 volume (various pagings) : _bcolor illustrations ; _c28 cm. |
||
| 500 | _aIncludes index. | ||
| 505 | _aModule one. Business driven MIS. Management information -- systems: business driven MIS -- Decisions and processes: value driven business -- Ebusiness: electronic business value -- Ethics and information security: MIS business concerns -- Module two. Technical foundations of MIS. Infrastructures: sustainable technologies -- Data: business intelligence -- Networks: mobile business -- Module three. Enterprise MIS -- Enterprise applications: business communications -- Systems development and project management: corporate responsibility -- | ||
| 650 | 0 |
_aInformation technology _xManagement. |
|
| 650 | 0 |
_aIndustrial management _xData processing. |
|
| 942 | _cBK | ||